Empire vegetable drying oils (Record no. 47636)

MARC details
000 -LEADER
fixed length control field 00363nam a2200157Ia 4500
100 ## - MAIN ENTRY--AUTHOR NAME
Personal name Tempany H
245 #0 - TITLE STATEMENT
Title Empire vegetable drying oils
520 ## - SUMMARY, ETC.
Summary, etc (citn only)
650 ## - SUBJECT ADDED ENTRY--TOPICAL TERM
Topical Term Paint
650 ## - SUBJECT ADDED ENTRY--TOPICAL TERM
Topical Term Rubber seed oil
650 ## - SUBJECT ADDED ENTRY--TOPICAL TERM
Topical Term Rubebr seed
650 ## - SUBJECT ADDED ENTRY--TOPICAL TERM
Topical Term Varnish
650 ## - SUBJECT ADDED ENTRY--TOPICAL TERM
Topical Term Vegetable oils
942 ## - ADDED ENTRY ELEMENTS (KOHA)
Koha item type Bibliography RLSE
Holdings
Withdrawn status Lost status Damaged status Not for loan Home library Current library Date acquired Koha item type
      Bibliography RRII Library RRII Library 31/12/2021 Bibliography RLSE